000 00335nam a2200121Ia 4500
008 170221s9999 xx 000 0 und d
245 _aSTUDY ON LABOR CHARACTERISTICS IN NETWORK ECONOMY
260 _bManagement & Marketing
260 _c2016
300 _a15 : 12
650 _xMarketing.
856 _uhttp://www.mnmk.ro/en/nrcrt.php
999 _c312297
_d312297